Fr. Conceicao Rodrigues College of Engineering

Imaginization (Record no. 29570)

MARC details
000 -LEADER
fixed length control field 00293nam a2200145Ia 4500
082 ## - DEWEY DECIMAL CLASSIFICATION NUMBER
Classification number 658.4063
Item number MOR
100 ## - MAIN ENTRY--PERSONAL NAME
Personal name Morgan Gareth
245 ## - TITLE STATEMENT
Title Imaginization
260 ## - PUBLICATION, DISTRIBUTION, ETC.
Name of publisher, distributor, etc. Response/Sage
Place of publication, distribution, etc. NONE
Date of publication, distribution, etc. 1997
300 ## - PHYSICAL DESCRIPTION
Extent 347
546 ## - LANGUAGE NOTE
Language note ENGLISH
654 ## - SUBJECT ADDED ENTRY--FACETED TOPICAL TERMS
Focus term Physics
942 ## - ADDED ENTRY ELEMENTS (KOHA)
Koha item type BOOK
Holdings
Withdrawn status Lost status Damaged status Not for loan Collection Home library Current library Date acquired Total Checkouts Full call number Barcode Date last seen Price effective from Koha item type
        CRC Fr. Agnel's C.Rodrigues College of Engineering Fr. Agnel's C.Rodrigues College of Engineering 17/03/2023   658.4063 MOR 10452 17/03/2023 17/03/2023 BOOK